000 01664 a2200277 4500
001 40613
005 20260407155701.0
008 260407a2014 arg spa d
003 AR-UNSa-BCEJYS
040 _aAR-UNSa-BCEJYS
_bspa
_cAR-UNSa-BCEJYS
080 _a658.5
_xPlanificación y control de la producción
245 1 0 _aAdministración de operaciones
_pproducción y cadena de suministros
020 _a978-607-15-1004-4
250 _a13a. ed
264 1 _aMéxico :
_bMcGraw-Hill
_c2014
300 _axxvii, 780 p.
_c27 cm.
505 _a1. Administración de operaciones y cadenas de suministro - 2. Estrategia y sustentabilidad - 3. Diseño de productos y servicios - 4. Administración estratégica de la capacidad - 5. Análisis de procesos - 6. Procesos de producción - 7. Procesos de servicio - 8. Procesos en servicios médicos - 9. Calidad Six-Sigma - 10. Proyectos - 11. Compras y adquisiciones globalizadas - 12. Ubicación, logística y distribución - 13. Cadenas de suministro esbeltas y sustentables - 14. Sistemas de planificación de recursos de la empresa - 15. Administración y pronóstico de la demanda - 16. Planificación de ventas y operaciones - 17. Control de inventarios - 18. Planificación de requerimientos de materiales - 19. Programación - 20. Administración de restricciones
041 _aspa
942 _cBK
590 _aniveau_biblio:m niveau_hierar:0
100 1 _aTorres Matus, José Rodolfo
700 1 _aJacobs, F. Robert
700 1 _aChase, Richard B.
700 1 _aGómez Valdez, Carlos Rafael
856 4 1 _uhttps://biblioeco.unsa.edu.ar/pmb/images/libros/L126141.jpg
_yImagen de portada
_qimage/jpeg
999 _c3263
_d3263